|
|
|
|
| LEADER |
00635ntm a2200169 i 4500 |
| 001 |
misc47669 |
| 005 |
20241203102942.0 |
| 008 |
200922s1937 hu o 000 hun d |
| 040 |
|
|
|a SZTE Miscellanea Repozitórium
|b hun
|
| 041 |
|
|
|a hun
|
| 100 |
1 |
|
|a Gomperz Ervin
|
| 245 |
1 |
0 |
|a Gomperz Ervin gratuláló levele Szent-Györgyi Alberthez
|h [elektronikus dokumentum] /
|c Gomperz Ervin
|
| 260 |
|
|
|c 1937-11-02
|
| 300 |
|
|
|a 1 fol.
|
| 561 |
|
|
|a Szent-Györgyi Albert gratuláló levelek
|
| 695 |
|
|
|a Levelezés - Gomperz Ervin - Szent-Györgyi Albert, Nobel-díj - 1937
|
| 856 |
4 |
0 |
|u http://misc.bibl.u-szeged.hu/47669/1/1937_4_009.pdf
|z Dokumentum-elérés
|